| 000 | 00385nam a2200145Ia 4500 | ||
|---|---|---|---|
| 008 | 230917s9999||||xx |||||||||||||| ||und|| | ||
| 040 |
_e180409 _aMAIN |
||
| 041 | _aEnglish | ||
| 082 | _a005.74 D92D | ||
| 100 | _aDunham, Margaret H | ||
| 245 | 0 | _aData mining: Introductory and advanced topics | |
| 260 |
_aNew Delhi _bPearson Education _c2009 |
||
| 300 | _axv, 311 p. | ||
| 942 | _cBK | ||
| 999 |
_c157300 _d157300 |
||